000 00674nam a22001817a 4500
003 NUST-PNEC
005 20170116180718.0
008 141022b xxu||||| |||| 00| 0 eng d
020 _a0550140808
040 _cPNEC
082 _a423.1 CHA
245 _aChambers key-word dictionary
260 _aEdinburgh :
_bChambers,
_c©1998.
300 _aviii, 343 p. :
_bill. :
_c20 cm.
500 _ahttp://www.amazon.com/Chambers-Key-word-Dictionary/dp/0550140808/ref=sr_1_1?s=books&ie=UTF8&qid=1413966477&sr=1-1&keywords=0550140808 https://www.worldcat.org/title/chambers-key-word-dictionary/oclc/52085837&referer=brief_results
650 _xDictionaries
942 _2ddc
_cBK
999 _c61248
_d61248